| 000 | 00574nam a22001817a 4500 | ||
|---|---|---|---|
| 005 | 20250403154518.0 | ||
| 008 | 250403b |||||||| |||| 00| 0 eng d | ||
| 020 | _a9788196656843 | ||
| 041 | _aeng | ||
| 082 | _a338.9 KAU | ||
| 100 | _aAmandeep, Kaur | ||
| 245 | _aFintech Digitalization and Sustainability | ||
| 260 |
_aNew Delhi _bBloomsbury Prime _c2024 |
||
| 300 | _a177;. pages: 23 cm | ||
| 650 | _a Sustainable Development; Economic Development-Environmental Aspects; Social Science; Strategic Alliance | ||
| 700 | _aGarg, Raman and Sehgal, Aarti | ||
| 942 | _cBK | ||
| 999 |
_c43536 _d43536 |
||